Normal view
MARC view
- Pelesko, John A, Bernstein, David H
Entry Personal Name
001 - CONTROL NUMBER
- control field: 55616
003 - CONTROL NUMBER IDENTIFIER
- control field: NUST
005 - DATE AND TIME OF LATEST TRANSACTION
- control field: 20210628201521.0
008 - FIXED-LENGTH DATA ELEMENTS
- fixed length control field: 210628|| aca||aabn | a|a d
040 ## - CATALOGING SOURCE
- Original cataloging agency: NUST
- Transcribing agency: NUST
100 ## - HEADING--PERSONAL NAME
- Personal name: Pelesko, John A, Bernstein, David H
670 ## - SOURCE DATA FOUND
- Source citation: Work cat.: (NUST): Pelesko, John A, Bernstein, David H, Modeling MEMS and NEMS /, 2003.
